• 首页
  • 本馆介绍
  • 公告通知
  • 最新文献
  • 馆藏检索
  • 电子资源
  • 读者导购
  • 参考咨询
  • 我的图书馆
  • 登录
  • 详细信息显示
  • 放入我的书架
  • 预约/预借图书
  • 作者相关作品
  • 分类相关作品
  • 丛书相关作品
  • 出版社相关作品

书目信息

  • 表格格式
  • 工作单格式
  • 卡片格式
题名:
设备状态监测与故障诊断
    
 
作者: 杨志伊 主编
分册:  
出版信息: 北京   中国计划出版社  2006
页数: 278页
开本: 26cm
丛书名: 现代设备工程与管理系列培训教材
单 册:
中图分类: TH17
科图分类:
主题词: 机械设备--教材--监测--技术培训--状态 , 机械设备--教材--技术培训--故障诊断
电子资源:
ISBN: 7-80177-672-0
000 01186nam0 2200253 450
001 3466
005 20160926154400.82
010    @a7-80177-672-0@b平装@dCNY38.00
100    @a20010611d2004 am y0chiy0120 eb
101 0  @achi
102    @aCN@b110000
105    @ay z 000yy
200 1  @a设备状态监测与故障诊断@b专著@f杨志伊主编@9she bei zhuang tai jian ce yu gu zhang zhen duan
210    @a北京@c中国计划出版社@d2006
215    @a278页@d26cm
225 2  @a现代设备工程与管理系列培训教材@9xian dai she bei gong cheng yu guan li xi lie pei xun jiao cai
330    @a本书分十章,第一章对设备状态监测与故障诊断的意义、发展、基础理论和现状进行了介绍;第二至六章对振动监测、油-磨屑监测分析、温度监测、无损检测等基本监测手段的原理及诊断方法进行了论述;第七至九章介绍了针对液压设备,电气设备和电子设备的状态监测和故障诊断方法,第十章是一些行业和企业对本企业或行业设备状态监测的现状和先进经验的介绍。
410  0 @12001 @a现代设备工程与管理系列培训教材
606 0  @a机械设备@j教材@x监测@x技术培训@x状态
606 0  @a机械设备@j教材@x技术培训@x故障诊断
690    @aTH17@v4
701  0 @a杨志伊@4主编@9yang zhi yi
801  0 @aCN@b唐山师范学院图书馆@c20151001
905    @aZUCC@dTH17@e24
    
    设备状态监测与故障诊断/杨志伊主编.-北京:中国计划出版社,2006
    278页;26cm.-(现代设备工程与管理系列培训教材)
    
    
    ISBN 7-80177-672-0(平装):CNY38.00
    本书分十章,第一章对设备状态监测与故障诊断的意义、发展、基础理论和现状进行了介绍;第二至六章对振动监测、油-磨屑监测分析、温度监测、无损检测等基本监测手段的原理及诊断方法进行了论述;第七至九章介绍了针对液压设备,电气设备和电子设备的状态监测和故障诊断方法,第十章是一些行业和企业对本企业或行业设备状态监测的现状和先进经验的介绍。
●
相关链接 在E读中查询图书 在五车中查询图书 在当当中查询图书 在豆瓣中查询图书


正题名:设备状态监测与故障诊断     索取号:TH17/24         预约/预借

序号 登录号 条形码 馆藏地/架位号 状态 备注
1 904969   209049698   第二样本阅览室/ [索取号:TH17/24] 在馆    
2 904970   209049705   第三借阅区/ [索取号:TH17/24] 在馆    
3 904971   209049714   第三借阅区/ [索取号:TH17/24] 在馆    
4 904972   209049723   第三借阅区/ [索取号:TH17/24] 在馆    
5 904973   209049732   第三借阅区/ [索取号:TH17/24] 在馆    
唐山师范学院图书馆 欢迎您!
大连网信软件有限公司© 版权所有